Gonneville-la-Mallet - Choix multiples - Statistiques

Statistiques générales
  • Ce quiz a été pris 3 fois
  • Le résultat moyen est 6 sur 10
Statistiques - réponses
Question Réponse % Correct
Gonneville-la-Mallet est catégorisée bourg rural par l'INSEE, sauriez-vous estimer sa population (courant 2020) ? De 1000 à 5000 habitants
100%
Quel est le gentilé des habitants de Gonneville-la-Mallet ? Les Gonnevillais
100%
Dans quel département est située la commune ? Seine-Maritime
100%
Laquelle de ces photos n'a PAS été prise à Gonneville-la-Mallet ?
50%
Historiquement, quelle commune voisine est la concurrente de Gonneville-la-Mallet, depuis les premiers marchés sous Louis XIII, jusqu'aux plus récentes installations du collège et de la piscine ? Criquetot-l'Esneval
50%
S'appelant à présent fête primée, quel était l'ancien nom de l'événement se déroulant le mercredi matin précédant la semaine de Rameaux, au cœur de la commune ? La foire aux bestiaux
50%
Dans l'aire d'attraction de quelle sous-préfecture se situe Gonneville-la-Mallet ? Le Havre
50%
Quel lieu réputé de la ville vit successivement passer des personnalités comme Alexandre Dumas, Guy de Maupassant, Claude Monet ou Maurice Leblanc ? L'Hôtel des Vieux Plats
50%
Quel chef d'entreprise (jeune et dynamique) a séjourné durant plus de dix ans à Gonneville-la-Mallet ? Mr LE, CEO de la LE Corp
50%
Entouré de ses plus petits homologues, comment nomme-t-on le bâtiment principal de Gonneville-la-Mallet, dont l'origine est tracée à la fin du XIXe siècle ? La Halle aux Blés
0%
Aucun quiz correspondant
Distribution des résultats
% des personnes avec chaque résultat
Percentile par nombre de réponses
Votre historique - résultats
Vous n’avez pas pris ce quiz